| 000 | 02145nam0a22004091 4500 | ||
|---|---|---|---|
| 001 | v19\rc\1919459 | ||
| 005 | 20251118180820.1 | ||
| 035 | _a(NLR Aleph) 005024650 | ||
| 090 |
_a6626185 _c6626185 |
||
| 100 | _a20080404d1912 u y0rusy50 ca | ||
| 101 | 1 |
_arus _cger |
|
| 102 | _aRU | ||
| 105 | _aag z ||||| | ||
| 200 | 1 |
_aИоганн Себастиан Бах _e(Со вступ. ст. и примеч. пер.). [Т. 1-2 вместе] _fФилипп Вольфрум _gРазреш. авт. пер. со 2-го нем. изд. Евгения Браудо |
|
| 210 |
_aМосква _cП. Юргенсон _d1912 |
||
| 215 |
_aXXII, [2], 253 с., 38 л. ил. _cнот. _d24 |
||
| 320 | _aБиблиогр.: "Библиографический указатель составлен переводчиком для русского издания" (с. 235-240) | ||
| 327 | 0 | _aС. V-XXI: Иоганн Себастиан Бах и немецкая музыка девятнадцатого столетия / Евгений Браудо | |
| 464 | 0 |
_12001#$aИоганн Себастиан Бах и немецкая музыка девятнадцатого столетия$fЕвгений Браудо _1215##$aС. V-XXI _1700#1$aБраудо$bЕ. М.$f1882-1939$gЕвгений Максимович$3RU\NLR\AUTH\770201248 _tИоганн Себастиан Бах и немецкая музыка девятнадцатого столетия _aБраудо, Евгений Максимович (1882-1939) |
|
| 700 | 1 |
_aВольфрум _bФ. _f1854-1919 _gФилипп |
|
| 702 | 1 |
_6z01790 _aБах _bИ.С. _f1685-1750 _gИоганн Себастьян _4570 |
|
| 790 | 1 |
_6z01702 _bвадажжжжж _f1685-1750 |
|
| 801 | 0 |
_aRU _bNLR _gpsbo |
|
| 801 | 0 |
_aRU _bRuMoRGB _2psbo |
|
| 801 | 1 |
_aRU _bProSoft-M _2rusmarc |
|
| 852 |
_aNLR _j37.38.10.51 |
||
| 852 |
_aNLR _jИс80/Б-7/2 |
||
| 852 |
_aNLR _bМф _jК1/9246 |
||
| 899 |
_aRuMoRGB _jU 471/153 |
||
| 899 |
_aRuMoRGB _jW 516/569 |
||
| 899 |
_aRuMoRGB _j801-83/16707-7 |
||
| 899 | _aБАН | ||
| 899 | _aГПИБ | ||
| 899 | _aНБ МГУ | ||
| 942 | _cBOOK | ||
| 980 | _aNB | ||